| 000 | 00755nam a2200217Ia 4500 | ||
|---|---|---|---|
| 003 | LDD | ||
| 005 | 20240104094127.0 | ||
| 008 | 190117s9999 xx 000 0 und d | ||
| 020 |
_a9788190570213 _c₹250 |
||
| 040 | _cLDD | ||
| 041 | _ahi | ||
| 082 | _a8H3.7 लॉ6406चु | ||
| 100 |
_aलॉरेंस, डी. एच. _919107 |
||
| 245 | 0 |
_aचुनी हुई कहानियां / _cडी. एच. लॉरेंस (D.H. Larence) |
|
| 246 | _aChunee Hui Kahaniya | ||
| 260 |
_aनोयडा (यू.पी.) _bकैल्विन पब्लिशिंग _c2009 |
||
| 300 | _a199पृ. | ||
| 901 | _aHBC | ||
| 904 | _aReqst by : J.M. Parekh | ||
| 942 |
_2ddc _cH |
||
| 999 |
_c169143 _d169143 |
||